Most Consumed Beverages In The World - Statistics

General Stats
  • This quiz has been taken 77 times
  • The average score is 6 of 8
Answer Stats
Rank Answer % Correct
1 Water
100%
2 Tea
93%
3 Coffee
90%
5 Beer
86%
6 Soft Drinks
79%
8 Milk
74%
4 Fruit Juice
63%
7 Energy Drinks
21%
No matching quizzes found
Score Distribution
Percent of People with Each Score
Percentile by Number Answered
Your Score History
You have not taken this quiz